[Event "13. Obert Int. Sant Marti 2011 - B"]
[Site "Barcelona ESP"]
[Date "2011.07.19"]
[Round "7.3"]
[White "Ruiz Molina, Gabriel"]
[Black "Medina Altamirano, Karla"]
[Result "1-0"]
[WhiteElo "1905"]
[BlackElo "1977"]
[PlyCount "147"]
[EventDate "2011.07.13"]
[EventType "swiss"]
[EventRounds "9"]
[EventCountry "ESP"]
[SourceTitle "Ajedrez en Madrid"]
[Source "lmi"]
[SourceDate "2011.07.13"]
[SourceVersion "1"]
[SourceVersionDate "2019.06.21"]
[SourceQuality "1"]

1. d4 d5 2. c4 dxc4 3. Nc3 a6 4. a4 Nc6 5. e3 Na5 6. Nf3 Nf6 7. Ne5 Be6 8. Be2
c6 9. O-O g6 10. f3 Bg7 11. Rb1 O-O 12. e4 Nd7 13. f4 Nxe5 14. dxe5 Qb6+ 15.
Kh1 Rad8 16. Qe1 Bc8 17. Qg3 Qc7 18. Be3 e6 19. Qf2 Nb3 20. Bxc4 Nd2 21. Bxd2
c5 22. Be3 b6 23. Rfd1 Bb7 24. Qe2 Qc8 25. Rxd8 Rxd8 26. Rd1 Rxd1+ 27. Qxd1 Bf8
28. h3 h5 29. Qf3 Qd8 30. Qg3 Qd7 31. Be2 Kh7 32. Qf2 Bh6 33. g4 Qc7 34. gxh5
Qd8 35. hxg6+ fxg6 36. Bg4 Qd3 37. Bf3 b5 38. axb5 axb5 39. Qe2 Qxe2 40. Nxe2
Bf8 41. Kg2 Kg7 42. Nc3 b4 43. Nb5 c4 44. Kf2 Ba6 45. Nd4 Kf7 46. Bg4 Bc8 47.
h4 Be7 48. h5 gxh5 49. Bxh5+ Kg7 50. f5 exf5 51. exf5 Bh4+ 52. Kf3 c3 53. bxc3
bxc3 54. f6+ Bxf6 55. exf6+ Kxf6 56. Ke2 Ba6+ 57. Kd1 Bd3 58. Nc2 Kf5 59. Bd4
Kg5 60. Be8 Bg6 61. Bb5 Bh5+ 62. Ke1 Bg6 63. Kd1 Bh5+ 64. Kc1 Kf4 65. Bxc3 Ke4
66. Kd2 Kd5 67. Bb4 Ke6 68. Nd4+ Ke5 69. Ke3 Bf7 70. Nf3+ Kf5 71. Bc3 Bh5 72.
Bc4 Be8 73. Nd4+ Ke5 74. Nb5+ 1-0

[Event "13. Obert Int. Sant Marti 2011 - B"]
[Site "Barcelona ESP"]
[Date "2011.07.19"]
[Round "7.4"]
[White "Perez Grizia, Jorge Adrian"]
[Black "Corominas Garrido, Jordi"]
[Result "1/2-1/2"]
[WhiteElo "1960"]
[BlackElo "1897"]
[PlyCount "36"]
[EventDate "2011.07.13"]
[EventType "swiss"]
[EventRounds "9"]
[EventCountry "ESP"]
[SourceTitle "Ajedrez en Madrid"]
[Source "lmi"]
[SourceDate "2011.07.13"]
[SourceVersion "1"]
[SourceVersionDate "2019.06.21"]
[SourceQuality "1"]

1. d4 e6 2. Bf4 d5 3. e3 c5 4. c3 Nc6 5. Nf3 Qb6 6. Qb3 Nf6 7. Nbd2 Bd7 8. Qxb6
axb6 9. Bc7 c4 10. Bxb6 Bd6 11. b4 Bxb4 12. cxb4 Nxb4 13. Rb1 Nc2+ 14. Kd1 Rxa2
15. Nxc4 Ne4 16. Rb2 Rxb2 17. Nxb2 Nxf2+ 18. Kxc2 Nxh1 1/2-1/2

[Event "13. Obert Int. Sant Marti 2011 - B"]
[Site "Barcelona ESP"]
[Date "2011.07.19"]
[Round "7.5"]
[White "Diaz Nieto, Alberto"]
[Black "Garcia Lopez, Nicolas"]
[Result "1-0"]
[WhiteElo "1948"]
[BlackElo "1814"]
[PlyCount "143"]
[EventDate "2011.07.13"]
[EventType "swiss"]
[EventRounds "9"]
[EventCountry "ESP"]
[SourceTitle "Ajedrez en Madrid"]
[Source "lmi"]
[SourceDate "2011.07.13"]
[SourceVersion "1"]
[SourceVersionDate "2019.06.21"]
[SourceQuality "1"]

1. d4 Nf6 2. c4 e5 3. dxe5 Ng4 4. e4 Nxe5 5. f4 Nec6 6. Be3 Na6 7. a3 Bc5 8.
Bxc5 Nxc5 9. Nd2 Qf6 10. b4 Ne6 11. g3 d6 12. Ngf3 Ned4 13. Rc1 h5 14. h4 Bg4
15. Bg2 Qg6 16. Kf2 O-O 17. Qe1 f5 18. Qe3 Nxf3 19. Nxf3 fxe4 20. Ng5 Ne5 21.
Bxe4 Bf5 22. Bd5+ Kh8 23. Kg2 Ng4 24. Qd4 Qf6 25. Qd2 c6 26. Bf3 d5 27. cxd5
Rad8 28. Rhe1 cxd5 29. Rc7 Rc8 30. Rec1 Rxc7 31. Rxc7 Qb6 32. Re7 d4 33. Rxb7
Ne3+ 34. Kf2 Qf6 35. Rc7 Qb6 36. Rc6 Ng4+ 37. Kg2 Ne3+ 38. Kf2 Ng4+ 39. Kg1 Qb5
40. Rc5 Qa4 41. Qxd4 Qb3 42. Rc7 Qb1+ 43. Bd1 Nf6 44. Nf3 Bg4 45. Kg2 Qa2+ 46.
Rc2 Qxa3 47. Qc3 Qa6 48. Be2 Qe6 49. Ne5 Qd5+ 50. Kg1 Rc8 51. Ng6+ Kh7 52. Qd3
Qxd3 53. Bxd3 Rxc2 54. Bxc2 Kg8 55. Bb3+ Kh7 56. Ne5 Bf5 57. Nc6 Ne4 58. Kg2
Nd6 59. Nxa7 Be4+ 60. Kf2 Kg6 61. Ke3 Kf5 62. Bd1 g6 63. Bf3 Bc2 64. b5 Ne4 65.
b6 Nd6 66. b7 Nxb7 67. Bxb7 Kg4 68. Kf2 Bf5 69. Kg2 Be6 70. Bc8 Bf5 71. Bxf5+
gxf5 72. Kf2 1-0

[Event "13. Obert Int. Sant Marti 2011 - B"]
[Site "Barcelona ESP"]
[Date "2011.07.19"]
[Round "7.6"]
[White "Flores Linan, Josep Luis"]
[Black "Valarezzo Ricard, Pedro"]
[Result "1-0"]
[WhiteElo "1941"]
[BlackElo "1878"]
[PlyCount "111"]
[EventDate "2011.07.13"]
[EventType "swiss"]
[EventRounds "9"]
[EventCountry "ESP"]
[SourceTitle "Ajedrez en Madrid"]
[Source "lmi"]
[SourceDate "2011.07.13"]
[SourceVersion "1"]
[SourceVersionDate "2019.06.21"]
[SourceQuality "1"]

1. d4 Nf6 2. c4 e5 3. dxe5 Ng4 4. Nf3 Bc5 5. e3 Nc6 6. Bd2 Qe7 7. Nc3 O-O 8.
Nd5 Qd8 9. Bc3 Re8 10. Be2 Ngxe5 11. O-O Nxf3+ 12. Bxf3 Ne5 13. Rc1 a5 14. Bd4
Nxf3+ 15. Qxf3 Bxd4 16. exd4 Ra6 17. Rfe1 Rae6 18. Qc3 b6 19. Rxe6 Rxe6 20. Re1
Bb7 21. Rxe6 dxe6 22. Ne3 Qg5 23. c5 Qg6 24. h3 h5 25. cxb6 cxb6 26. Qc7 Qb1+
27. Kh2 Be4 28. Qxb6 Qxa2 29. Qb5 Bg6 30. Nc4 a4 31. Ne5 Kh7 32. Qb7 a3 33.
bxa3 Qxf2 34. Nxg6 Kxg6 35. Qe4+ Kh6 36. a4 g6 37. a5 Qa2 38. Qe5 f5 39. h4 Kh7
40. Qc7+ Kh6 41. Qd8 Kg7 42. Qe7+ Kg8 43. Qf6 Kh7 44. Qf7+ Kh8 45. Qxg6 Qxa5
46. Qh6+ Kg8 47. Qxe6+ Kg7 48. Qe7+ Kg8 49. Qg5+ Kf8 50. Qxh5 Qc7+ 51. Kh3 Qc2
52. d5 Ke7 53. Qf3 Kd6 54. h5 Qc8 55. g3 Qf8 56. Qa3+ 1-0

[Event "13. Obert Int. Sant Marti 2011 - B"]
[Site "Barcelona ESP"]
[Date "2011.07.19"]
[Round "7.7"]
[White "Duran Gutierrez, Juan Luis"]
[Black "Amor Alcaide, Manuel"]
[Result "0-1"]
[WhiteElo "1903"]
[BlackElo "1948"]
[PlyCount "118"]
[EventDate "2011.07.13"]
[EventType "swiss"]
[EventRounds "9"]
[EventCountry "ESP"]
[SourceTitle "Ajedrez en Madrid"]
[Source "lmi"]
[SourceDate "2011.07.13"]
[SourceVersion "1"]
[SourceVersionDate "2019.06.21"]
[SourceQuality "1"]

1. e4 e5 2. Nf3 Nc6 3. d4 exd4 4. Bc4 Be7 5. O-O d6 6. Nxd4 Ne5 7. Be2 Nf6 8.
Nc3 O-O 9. f4 Nc6 10. Be3 Bd7 11. Bf3 Qc8 12. h3 a6 13. Qe1 Re8 14. g4 Nxd4 15.
Bxd4 Bc6 16. Qg3 Bd8 17. Rae1 b5 18. g5 Nd7 19. Nd5 Bxd5 20. exd5 Be7 21. Re2
Bf8 22. Rfe1 Rxe2 23. Rxe2 Qb7 24. Qg4 Nb6 25. Qf5 Qc8 26. Qxc8 Nxc8 27. Re8
Nb6 28. Rxa8 Nxa8 29. Bg4 g6 30. c3 Bg7 31. Be3 b4 32. cxb4 Bxb2 33. Bc8 Ba3
34. Bxa6 Nb6 35. Bxb6 cxb6 36. b5 Bc1 37. Kf2 Bxf4 38. h4 Bd2 39. a4 Kg7 40.
Bc8 h6 41. Ke2 Bb4 42. Bd7 hxg5 43. hxg5 Kf8 44. Bg4 Ke7 45. Bh3 Ba3 46. Kf3
Bc1 47. Kg4 Bd2 48. Kh4 f6 49. gxf6+ Kxf6 50. Bd7 Ke5 51. Be6 Kf4 52. Kh3 Kf3
53. Bg4+ Ke4 54. Be6 Kd4 55. Kg4 Kc5 56. Bf7 Bc1 57. Bxg6 Kxd5 58. Be4+ Kxe4
59. a5 bxa5 0-1

[Event "13. Obert Int. Sant Marti 2011 - B"]
[Site "Barcelona ESP"]
[Date "2011.07.19"]
[Round "7.8"]
[White "Delgado Ruiz, Diego"]
[Black "Marina De La Torre, Ivan"]
[Result "0-1"]
[WhiteElo "1829"]
[BlackElo "1929"]
[PlyCount "74"]
[EventDate "2011.07.13"]
[EventType "swiss"]
[EventRounds "9"]
[EventCountry "ESP"]
[SourceTitle "Ajedrez en Madrid"]
[Source "lmi"]
[SourceDate "2011.07.13"]
[SourceVersion "1"]
[SourceVersionDate "2019.06.21"]
[SourceQuality "1"]

1. d4 e6 2. Nf3 f5 3. Bf4 Nf6 4. Nbd2 Be7 5. e3 O-O 6. h3 d5 7. Ne5 Ne4 8. a3
Nxd2 9. Qxd2 Nd7 10. c4 c6 11. Rc1 Nxe5 12. Bxe5 Bd7 13. Be2 Bf6 14. Bd6 Be7
15. Bh2 Be8 16. O-O Rc8 17. Rc2 Bd6 18. f4 Qh4 19. Bf3 Bh5 20. Bxh5 Qxh5 21. c5
Be7 22. Qb4 b5 23. Qa5 Ra8 24. Qc7 Qe8 25. Qa5 Qd8 26. Qe1 a5 27. b3 a4 28. b4
Qe8 29. g4 Qg6 30. Rg2 Qh6 31. Rg3 Bh4 32. g5 Qh5 33. Rff3 Qxf3 34. Rxf3 Bxe1
35. Bg3 Bxg3 36. Rxg3 g6 37. h4 Kf7 0-1

[Event "13. Obert Int. Sant Marti 2011 - B"]
[Site "Barcelona ESP"]
[Date "2011.07.19"]
[Round "7.9"]
[White "Poyato Plaza, Daniel"]
[Black "Castellet Menchon, Cora"]
[Result "1-0"]
[WhiteElo "1928"]
[BlackElo "1696"]
[PlyCount "68"]
[EventDate "2011.07.13"]
[EventType "swiss"]
[EventRounds "9"]
[EventCountry "ESP"]
[SourceTitle "Ajedrez en Madrid"]
[Source "lmi"]
[SourceDate "2011.07.13"]
[SourceVersion "1"]
[SourceVersionDate "2019.06.21"]
[SourceQuality "1"]

1. d4 Nf6 2. c4 c5 3. d5 b5 4. cxb5 a6 5. bxa6 Bxa6 6. Nc3 d6 7. e4 Bxf1 8.
Kxf1 g6 9. g3 Bg7 10. Kg2 O-O 11. Nf3 Nbd7 12. h3 Qa5 13. Re1 Rfb8 14. Qc2 Qb4
15. a4 c4 16. Nd4 Ne5 17. Re2 Qc5 18. Be3 Qc8 19. f4 Nd3 20. Nc6 Rb7 21. Nb5
Nxb2 22. Qxb2 Nxd5 23. Bd4 c3 24. Qc1 Qxc6 25. Bxg7 Qc4 26. Re1 Nb4 27. Na3 Qa6
28. Qxc3 Nd3 29. Re3 Rb2+ 30. Kg1 Qa7 31. Bd4 Rb3 32. Nb5 Rxc3 33. Bxa7 Rb3 34.
Rd1 Rxb5 1-0

[Event "13. Obert Int. Sant Marti 2011 - B"]
[Site "Barcelona ESP"]
[Date "2011.07.19"]
[Round "7.10"]
[White "Fernandez Aguilar, Francisco"]
[Black "Romero Gamez, Francisco Javier"]
[Result "1-0"]
[WhiteElo "1918"]
[BlackElo "1608"]
[PlyCount "43"]
[EventDate "2011.07.13"]
[EventType "swiss"]
[EventRounds "9"]
[EventCountry "ESP"]
[SourceTitle "Ajedrez en Madrid"]
[Source "lmi"]
[SourceDate "2011.07.13"]
[SourceVersion "1"]
[SourceVersionDate "2019.06.21"]
[SourceQuality "1"]

1. e4 c5 2. Nf3 d6 3. d4 cxd4 4. Nxd4 Nf6 5. Nc3 a6 6. Bg5 e6 7. f4 Be7 8. Qf3
Qc7 9. O-O-O Nbd7 10. g4 b5 11. Bxf6 Nxf6 12. g5 Nd7 13. f5 Bxg5+ 14. Kb1 Ne5
15. Qh5 Bf6 16. Nxe6 Bxe6 17. fxe6 Rc8 18. Bh3 Rb8 19. Rhf1 Ng6 20. Nd5 Qd8 21.
exf7+ Kxf7 22. e5 1-0

[Event "13. Obert Int. Sant Marti 2011 - B"]
[Site "Barcelona ESP"]
[Date "2011.07.20"]
[Round "8.1"]
[White "Castellet Menchon, Didac"]
[Black "Moreno Perez, Norberto"]
[Result "1-0"]
[WhiteElo "1802"]
[BlackElo "1955"]
[PlyCount "71"]
[EventDate "2011.07.13"]
[EventType "swiss"]
[EventRounds "9"]
[EventCountry "ESP"]
[SourceTitle "Ajedrez en Madrid"]
[Source "lmi"]
[SourceDate "2011.07.13"]
[SourceVersion "1"]
[SourceVersionDate "2019.06.21"]
[SourceQuality "1"]

1. e4 c5 2. Nf3 Nc6 3. d4 cxd4 4. Nxd4 a6 5. Nc3 e6 6. Be3 Bb4 7. Bd3 Nge7 8.
O-O Ne5 9. f4 Nxd3 10. cxd3 O-O 11. Qg4 d5 12. Qg3 Ba5 13. Rac1 f6 14. Na4 dxe4
15. dxe4 Bd2 16. Rcd1 Bxe3+ 17. Qxe3 Qa5 18. Qb3 Kh8 19. Nxe6 Bxe6 20. Qxe6
Qxa4 21. Qxe7 Rae8 22. Qxb7 Qxa2 23. Rd7 Rg8 24. e5 fxe5 25. f5 Rb8 26. Qc7
Rxb2 27. Qc6 Rc2 28. Qe4 Re2 29. Qg4 Qc2 30. Qf3 e4 31. Qg4 Qc5+ 32. Kh1 Qf2
33. Rdd1 Qe3 34. Qh4 Qc3 35. f6 gxf6 36. Rd7 1-0

[Event "13. Obert Int. Sant Marti 2011 - B"]
[Site "Barcelona ESP"]
[Date "2011.07.20"]
[Round "8.2"]
[White "Marina De La Torre, Ivan"]
[Black "Morais Carreras, Javier"]
[Result "0-1"]
[WhiteElo "1929"]
[BlackElo "1957"]
[PlyCount "86"]
[EventDate "2011.07.13"]
[EventType "swiss"]
[EventRounds "9"]
[EventCountry "ESP"]
[SourceTitle "Ajedrez en Madrid"]
[Source "lmi"]
[SourceDate "2011.07.13"]
[SourceVersion "1"]
[SourceVersionDate "2019.06.21"]
[SourceQuality "1"]

1. d4 d5 2. c4 e6 3. Nc3 Nf6 4. cxd5 exd5 5. Bg5 Be7 6. Qc2 c6 7. e3 Nbd7 8.
Bd3 O-O 9. Nge2 Re8 10. O-O Nf8 11. Rae1 Ng6 12. f3 Be6 13. Nf4 Nxf4 14. Bxf4
Rc8 15. Be5 h6 16. f4 c5 17. Qd1 c4 18. Bb1 Bb4 19. f5 Bxc3 20. fxe6 Bxe1 21.
exf7+ Kxf7 22. Qh5+ Ke7 23. Qg6 Rg8 24. Bxf6+ gxf6 25. Qxf6+ Kd7 26. Bf5+ Kc7
27. Qf7+ Kc6 28. Bxc8 Qxc8 29. a4 Bb4 30. Rf6+ Bd6 31. e4 Rxg2+ 32. Kxg2 Qg4+
33. Kf1 Qd1+ 34. Kg2 Qg4+ 35. Kf2 Qh4+ 36. Kf1 Qh3+ 37. Ke1 Qe3+ 38. Kf1 Qd3+
39. Kg2 Qxe4+ 40. Kh3 Qe3+ 41. Rf3 Qe2 42. Kg4 Qg2+ 43. Kf5 Qxf3+ 0-1

[Event "13. Obert Int. Sant Marti 2011 - B"]
[Site "Barcelona ESP"]
[Date "2011.07.20"]
[Round "8.3"]
[White "Fernandez Aguilar, Francisco"]
[Black "Diaz Nieto, Alberto"]
[Result "1-0"]
[WhiteElo "1918"]
[BlackElo "1948"]
[PlyCount "141"]
[EventDate "2011.07.13"]
[EventType "swiss"]
[EventRounds "9"]
[EventCountry "ESP"]
[SourceTitle "Ajedrez en Madrid"]
[Source "lmi"]
[SourceDate "2011.07.13"]
[SourceVersion "1"]
[SourceVersionDate "2019.06.21"]
[SourceQuality "1"]

1. e4 d5 2. exd5 Qxd5 3. Nf3 Nf6 4. d4 Bg4 5. Be2 Nc6 6. O-O e6 7. c4 Qd7 8.
Be3 Bd6 9. Nc3 O-O 10. a3 a5 11. Qd2 Rad8 12. Rad1 Rfe8 13. Rfe1 Bf8 14. Qc1
Qc8 15. Nb5 h6 16. Bf4 Re7 17. Rd3 Bf5 18. Rdd1 Red7 19. h3 Bd6 20. Nxd6 cxd6
21. Bxh6 gxh6 22. Qxh6 Nh7 23. g4 Bg6 24. h4 e5 25. h5 Re7 26. hxg6 fxg6 27. d5
Nd4 28. Nxd4 exd4 29. Qxg6+ Kh8 30. Rxd4 Rde8 31. Rd2 Rg7 32. Qh5 Re5 33. Qh4
Rge7 34. f4 Qc5+ 35. Kg2 Re4 36. Qf2 Qc8 37. Rh1 Rg7 38. f5 Qf8 39. Kf1 Qf6 40.
Rh3 Qe5 41. Qh2 Rf4+ 42. Bf3 Rxf3+ 43. Rxf3 Qe4 44. Qe2 Qxg4 45. Qe8+ Rg8 46.
Qe3 Qxc4+ 47. Ke1 Qc1+ 48. Rd1 Qxb2 49. Qc3+ Qxc3+ 50. Rxc3 Re8+ 51. Kf2 Re5
52. Rf3 Ng5 53. Rh1+ Kg7 54. f6+ Kf7 55. Re3 Rf5+ 56. Ke2 Rxf6 57. Rg1 Rf5 58.
Rb3 Rxd5 59. Rxb7+ Kf6 60. Rf1+ Kg6 61. Rb3 Ne6 62. Rg3+ Ng5 63. Rd1 Rxd1 64.
Kxd1 Kf5 65. Kc2 Ne6 66. Rg8 Nf4 67. Re8 a4 68. Kc3 Ne6 69. Kb4 Nc5 70. Kb5 Kf6
71. Kc6 1-0

[Event "13. Obert Int. Sant Marti 2011 - B"]
[Site "Barcelona ESP"]
[Date "2011.07.20"]
[Round "8.4"]
[White "Ruiz Molina, Gabriel"]
[Black "Flores Linan, Josep Luis"]
[Result "0-1"]
[WhiteElo "1905"]
[BlackElo "1941"]
[PlyCount "90"]
[EventDate "2011.07.13"]
[EventType "swiss"]
[EventRounds "9"]
[EventCountry "ESP"]
[SourceTitle "Ajedrez en Madrid"]
[Source "lmi"]
[SourceDate "2011.07.13"]
[SourceVersion "1"]
[SourceVersionDate "2019.06.21"]
[SourceQuality "1"]

1. d4 Nf6 2. Nf3 g6 3. c4 Bg7 4. Nc3 O-O 5. e4 d6 6. Bg5 h6 7. Bh4 c5 8. d5 Na6
9. Be2 Bd7 10. Nd2 Nc7 11. O-O a6 12. f4 b5 13. e5 Nfe8 14. Nf3 bxc4 15. Bxc4
Nb5 16. Rc1 Rb8 17. Ne4 Bf5 18. Ng3 Bg4 19. Qe1 Rb7 20. Kh1 f6 21. Ne4 Rf7 22.
e6 Rf8 23. a4 Bxf3 24. Rxf3 Nd4 25. Rf2 Rb4 26. Bxa6 Rxa4 27. Bd3 f5 28. Nc3
Rb4 29. g4 Nf6 30. gxf5 Ng4 31. Rg2 h5 32. h3 gxf5 33. hxg4 fxg4 34. Ne4 Rxf4
35. Ng5 Nf3 36. Nxf3 Rxf3 37. Rg3 Qf8 38. Bg6 Qf4 39. Qg1 Bd4 40. Rxf3 Qxf3+
41. Qg2 Qe3 42. Re1 Qh6 43. Bf7+ Kh8 44. Bxe7 Rxb2 45. Qf1 Rf2 0-1

[Event "13. Obert Int. Sant Marti 2011 - B"]
[Site "Barcelona ESP"]
[Date "2011.07.20"]
[Round "8.5"]
[White "Cardenas, Fernando Adrian"]
[Black "Poyato Plaza, Daniel"]
[Result "1-0"]
[WhiteElo "1900"]
[BlackElo "1928"]
[PlyCount "83"]
[EventDate "2011.07.13"]
[EventType "swiss"]
[EventRounds "9"]
[EventCountry "ESP"]
[SourceTitle "Ajedrez en Madrid"]
[Source "lmi"]
[SourceDate "2011.07.13"]
[SourceVersion "1"]
[SourceVersionDate "2019.06.21"]
[SourceQuality "1"]

1. Nf3 f5 2. g3 Nf6 3. Bg2 e6 4. O-O Be7 5. d4 d6 6. c4 O-O 7. Nc3 Qe8 8. Qb3
c6 9. Rd1 Na6 10. Bd2 Ne4 11. Nxe4 fxe4 12. Ng5 d5 13. cxd5 Bxg5 14. Bxg5 exd5
15. Bf4 Qf7 16. Rac1 Nb8 17. f3 exf3 18. exf3 Nd7 19. Re1 Nb6 20. Qb4 Be6 21.
a4 Rad8 22. a5 Nc8 23. a6 Rd7 24. Re3 bxa6 25. Rxc6 Rb7 26. Qc3 Bd7 27. Rxa6
Nb6 28. b3 Rc8 29. Qe1 Re8 30. Be5 Bf5 31. Ra5 Nc4 32. bxc4 Rb1 33. c5 Rxe1+
34. Rxe1 Qb7 35. Rea1 Ra8 36. Bf1 Qb3 37. Be2 Qe3+ 38. Kf1 Bh3+ 39. Ke1 Rf8 40.
Rxa7 Rxf3 41. Rxg7+ Kh8 42. Ra8+ 1-0

[Event "13. Obert Int. Sant Marti 2011 - B"]
[Site "Barcelona ESP"]
[Date "2011.07.20"]
[Round "8.6"]
[White "Santolaria Pena, M."]
[Black "Perez Grizia, Jorge Adrian"]
[Result "1-0"]
[WhiteElo "1888"]
[BlackElo "1960"]
[PlyCount "143"]
[EventDate "2011.07.13"]
[EventType "swiss"]
[EventRounds "9"]
[EventCountry "ESP"]
[SourceTitle "Ajedrez en Madrid"]
[Source "lmi"]
[SourceDate "2011.07.13"]
[SourceVersion "1"]
[SourceVersionDate "2019.06.21"]
[SourceQuality "1"]

1. d4 Nf6 2. Bf4 d5 3. e3 e6 4. Bd3 c5 5. c3 c4 6. Bc2 b5 7. Nd2 Bb7 8. Ngf3
Nbd7 9. O-O h6 10. Re1 g5 11. Bg3 g4 12. Ne5 h5 13. e4 dxe4 14. Nxe4 Nxe4 15.
Bxe4 Bxe4 16. Rxe4 Nf6 17. Bh4 Bg7 18. Rf4 Rh6 19. b3 Qa5 20. bxc4 bxc4 21.
Nxc4 Qxc3 22. Nd6+ Kf8 23. Rc1 Qb4 24. Rc6 Rd8 25. a3 Qb8 26. Qc1 Kg8 27. Ne4
Nd5 28. Bxd8 Qxf4 29. Qxf4 Nxf4 30. Rc8 Ne2+ 31. Kf1 Nxd4 32. Bg5+ Kh7 33. Bxh6
Kxh6 34. Rc7 f5 35. Nd2 Nb5 36. Rc6 Nxa3 37. Rxe6+ Kg5 38. Nb3 Nb5 39. Re8 Bc3
40. Rb8 Nd4 41. Nc5 a5 42. Ra8 h4 43. Ra6 Bb4 44. Nb7 h3 45. Nxa5 hxg2+ 46.
Kxg2 f4 47. Nc6 f3+ 48. Kf1 Nxc6 49. Rxc6 Bd2 50. Rc8 Bf4 51. Kg1 Bd6 52. Rg8+
Kf5 53. Rh8 Kg5 54. h4+ gxh3 55. Rxh3 Kg4 56. Rh7 Be5 57. Kf1 Bc3 58. Rc7 Bd2
59. Rc4+ Kf5 60. Kg1 Bf4 61. Kh1 Bb8 62. Ra4 Bc7 63. Kg1 Bf4 64. Kf1 Bd2 65.
Rd4 Bh6 66. Ke1 Bg7 67. Rc4 Bh6 68. Kd1 Bf4 69. Kc2 Bb8 70. Ra4 Bc7 71. Rb4 Bd6
72. Rc4 1-0

[Event "13. Obert Int. Sant Marti 2011 - B"]
[Site "Barcelona ESP"]
[Date "2011.07.20"]
[Round "8.7"]
[White "Amor Alcaide, Manuel"]
[Black "Bieg Pagel, Clemens"]
[Result "0-1"]
[WhiteElo "1948"]
[BlackElo "1938"]
[PlyCount "65"]
[EventDate "2011.07.13"]
[EventType "swiss"]
[EventRounds "9"]
[EventCountry "ESP"]
[SourceTitle "Ajedrez en Madrid"]
[Source "lmi"]
[SourceDate "2011.07.13"]
[SourceVersion "1"]
[SourceVersionDate "2019.06.21"]
[SourceQuality "1"]

1. c4 c5 2. Nc3 Nf6 3. Nf3 e6 4. e3 Be7 5. d4 cxd4 6. Nxd4 a6 7. Be2 Qc7 8. Bd2
Nc6 9. Nf3 O-O 10. Rc1 b6 11. a3 Bb7 12. O-O Rad8 13. Qb3 Na5 14. Qa2 Qb8 15.
b4 Nc6 16. Rfd1 Rc8 17. Qb2 Rfd8 18. e4 Ne5 19. Nxe5 Qxe5 20. f3 d5 21. cxd5
exd5 22. Na4 Qxb2 23. Nxb2 dxe4 24. fxe4 Rxc1 25. Bxc1 Rxd1+ 26. Bxd1 Nxe4 27.
Be3 b5 28. Bc2 f5 29. Nd1 Nd6 30. Nf2 Nc4 31. Bc1 g6 32. Bd3 Bd5 33. Bc2 0-1

[Event "13. Obert Int. Sant Marti 2011 - B"]
[Site "Barcelona ESP"]
[Date "2011.07.20"]
[Round "8.8"]
[White "Carmona Gimeno, Javier"]
[Black "Roche Peris, Eduard"]
[Result "1/2-1/2"]
[WhiteElo "1847"]
[BlackElo "1904"]
[PlyCount "91"]
[EventDate "2011.07.13"]
[EventType "swiss"]
[EventRounds "9"]
[EventCountry "ESP"]
[SourceTitle "Ajedrez en Madrid"]
[Source "lmi"]
[SourceDate "2011.07.13"]
[SourceVersion "1"]
[SourceVersionDate "2019.06.21"]
[SourceQuality "1"]

1. e4 c5 2. Nf3 Nc6 3. d4 cxd4 4. Nxd4 Nf6 5. Nc3 e6 6. Ndb5 Bb4 7. Bg5 O-O 8.
Qf3 a6 9. Bxf6 Qxf6 10. Qxf6 gxf6 11. Na3 Bxc3+ 12. bxc3 b5 13. Bd3 Bb7 14. f3
Rfc8 15. Rd1 Ne5 16. Nb1 d5 17. Ke2 Rc7 18. Rhf1 Rac8 19. Rfe1 Nd7 20. exd5
Bxd5 21. c4 bxc4 22. Be4 Bxe4 23. fxe4 Rb8 24. Nc3 Kf8 25. Rd6 Rb6 26. Rxb6
Nxb6 27. Rb1 Rc6 28. Rf1 Nd7 29. Rf3 Rc5 30. Ke3 Rg5 31. Kf2 Ne5 32. Rf4 Ke7
33. h3 Ng6 34. Rf3 Ne5 35. Rg3 Rxg3 36. Kxg3 Ng6 37. Kf3 Kd6 38. Na4 Ne7 39.
Ke3 Nc6 40. c3 h5 41. Nb6 Na5 42. Kd4 e5+ 43. Ke3 Ke6 44. g4 hxg4 45. hxg4 Kd6
46. Kd2 1/2-1/2

[Event "13. Obert Int. Sant Marti 2011 - B"]
[Site "Barcelona ESP"]
[Date "2011.07.20"]
[Round "8.9"]
[White "Vargas Ramirez, Ana Maria"]
[Black "Duran Gutierrez, Juan Luis"]
[Result "1-0"]
[WhiteElo "1776"]
[BlackElo "1903"]
[PlyCount "73"]
[EventDate "2011.07.13"]
[EventType "swiss"]
[EventRounds "9"]
[EventCountry "ESP"]
[SourceTitle "Ajedrez en Madrid"]
[Source "lmi"]
[SourceDate "2011.07.13"]
[SourceVersion "1"]
[SourceVersionDate "2019.06.21"]
[SourceQuality "1"]

1. e4 c5 2. Nf3 Nc6 3. d4 cxd4 4. Nxd4 Nf6 5. Nc3 d6 6. Bc4 e6 7. Be3 a6 8. O-O
Be7 9. f4 Qc7 10. Nxc6 bxc6 11. Bb3 O-O 12. Qf3 c5 13. e5 Bb7 14. Qg3 Nd5 15.
Bxd5 exd5 16. f5 Kh8 17. Bf4 Qc6 18. Rae1 dxe5 19. Bxe5 f6 20. Bf4 Rfe8 21. Re6
Qd7 22. Rfe1 Bf8 23. b3 g5 24. Bd2 Kg7 25. h4 Bd6 26. Rxd6 Rxe1+ 27. Bxe1 Qxf5
28. hxg5 fxg5 29. Qh2 d4 30. Rb6 Qf7 31. Qe5+ Kg8 32. Qxg5+ Kh8 33. Qe5+ Kg8
34. Na4 Rf8 35. Qe6 Kh8 36. Qxf7 Rxf7 37. Nxc5 1-0

[Event "13. Obert Int. Sant Marti 2011 - B"]
[Site "Barcelona ESP"]
[Date "2011.07.20"]
[Round "8.10"]
[White "Corominas Garrido, Jordi"]
[Black "Sumelzo Lozano, Jose"]
[Result "1/2-1/2"]
[WhiteElo "1897"]
[BlackElo "1877"]
[PlyCount "45"]
[EventDate "2011.07.13"]
[EventType "swiss"]
[EventRounds "9"]
[EventCountry "ESP"]
[SourceTitle "Ajedrez en Madrid"]
[Source "lmi"]
[SourceDate "2011.07.13"]
[SourceVersion "1"]
[SourceVersionDate "2019.06.21"]
[SourceQuality "1"]

1. c4 Nf6 2. Nc3 e5 3. g3 Bc5 4. Nf3 d6 5. Bg2 O-O 6. O-O c6 7. d4 exd4 8. Nxd4
Re8 9. e3 Be6 10. Nxe6 Rxe6 11. a3 a5 12. Na4 Na6 13. Nxc5 Nxc5 14. b3 Qc7 15.
Bb2 Ne8 16. b4 axb4 17. axb4 Rxa1 18. Qxa1 Nd3 19. Bc3 Ne5 20. Qa2 h5 21. h3
Nf6 22. f4 Ned7 23. Qd2 1/2-1/2

[Event "13. Obert Int. Sant Marti 2011 - B"]
[Site "Barcelona ESP"]
[Date "2011.07.21"]
[Round "9.1"]
[White "Bieg Pagel, Clemens"]
[Black "Castellet Menchon, Didac"]
[Result "1/2-1/2"]
[WhiteElo "1938"]
[BlackElo "1802"]
[PlyCount "57"]
[EventDate "2011.07.13"]
[EventType "swiss"]
[EventRounds "9"]
[EventCountry "ESP"]
[SourceTitle "Ajedrez en Madrid"]
[Source "lmi"]
[SourceDate "2011.07.13"]
[SourceVersion "1"]
[SourceVersionDate "2019.06.21"]
[SourceQuality "1"]

1. e4 c5 2. c3 e6 3. d4 d5 4. e5 Nc6 5. Nf3 Qb6 6. a3 cxd4 7. cxd4 Nh6 8. b4
Nf5 9. Be3 h5 10. Be2 Be7 11. Nc3 f6 12. Na4 Qd8 13. b5 Nb8 14. O-O Nd7 15. Qd2
fxe5 16. Ng5 Nf6 17. dxe5 d4 18. exf6 gxf6 19. Nxe6 Bxe6 20. Bf4 Bd6 21. Bd3
Rg8 22. Rfe1 Kf7 23. Qe2 Bd5 24. Qxh5+ Kf8 25. Bh6+ Nxh6 26. Qxh6+ Kf7 27. Qh7+
Kf8 28. Qh6+ Kf7 29. Qh7+ 1/2-1/2